000 00855cad a22001935a 4500
001 L152532
008 110323e20110319xxk 000 0 eng d
035 _a(Sirsi) u152532
041 0 _aeng
100 1 _aRobson, Claire
245 0 0 _aFocus
_bBerkshire and Thames Valley[electronic resource]
260 _c2011
490 _aEstates Gazette
_v(1111) 19 March 2011, 85-93(7)
520 _aReviews occupiers' requirements including lease renewals and relocations, identifies Oxford, Newbury, Reading, Maidenhead, Bracknell as office market hot spots. Office take up, availability and rents, industrial take up, availability and prime rents and retail rents in Bracknell, Maidenhead, Reading, Slough, Wokingham and Wokingham.
590 _aKA
651 4 _aBERKSHIRE
690 _aPROPERTY-COMMERCIAL PROPERTY-COMMERCIAL PROPERTY MARKET
942 _n0
999 _c82991
_d82991